01752nam a2200313 a 450000500170000000800410001702000150005804100080007309200200008110000270010124500840012825000110021226000390022330000110026250001220027365300400039565300670043565300870050265301620058965300890075165300220084065300930086265300640095565300940101965301160111394200120122999900150124195201820125620240521090322.0100318t2005||||ag a f |||| 001 0 spa d a9874390654 aspa c616.86l67sPIT1 aPitarque, Raúl93756 aTabaquismo en Argentina.bEnfermedad, discapacidad y muerte / cRaúl Pitarque a1a ed. aBuenos Aires: bUATA ; OPS;c2005. a182 p. aPitarque, R. (2005). Tabaquismo en Argentina. Enfermedad, discapacidad y muerte. (1a ed.). Buenos Aires : UATA ; OPS. aControl del tabaquismo en Argentina aMortalidad anual atribuible al tabaco en Argentina, año 2009 aMortallidad atribuible al tabaquismo en Argentina. Analisis de tendencia 1990-2000 aEstimulación de mortalidad prematura relacionada con el tabaco y años de vida perdidos ajustados por discapacidad (AVAD) para el año 2020, en Argentina aProductividad perdida en Argentina por la mortalidad atribuible al tabaco en adultos aTabaquismo pasivo aContaminación ambiental con nicotina en la Ciudad Autonoma de Buenos Aires, año 2002 aContrabando en Argentina: antecedentes y situación actual aPromoción del tabaco y de la imgen de las tabacaleras en Argentina: historias repetidas aConvenio Marco de la Organización Mundial de la Salud para el control del Tabaco y la Legislación Argentina 2ddccBK c2168d2168 00102ddc4070aBFMbBFMcCRd2015-06-30eDonación Manuel Ciruzzi, Junio 2015l0o616.86 67 PITp3504r2015-06-30tEj.1w2015-06-30yBKzDonación Manuel Ciruzzi, Junio 2015